000 00830nam a2200229 4500
001 40525
003 BD-RjUL
005 20211209053232.0
008 160503s1979bg ||||| |||| 00| 0ben d
020 _c: 3.50
035 _a(BD-RjUL)40640
040 _aBD-RjUL
_bben
_cBD-RjUL
041 _aben
082 _223
_a110
_bWAN 1979
100 _aওয়ালী, মাহতাব উদ্দীন
_9124803
245 1 0 _aনবীন ম্যানের কৃষ্টি সৃষ্টির উপর বৃষ্টি /
_cমাহতাব উদ্দীন ওয়ালী
260 _aকুষ্টিয়া :
_bলেখক,
_c১৯৭৯
300 _a[১০], ৩৪ পৃ.;
_c২১ সেমি.
650 _aMetaphysics
_9120435
650 _aঅধিবিদ্যা
_9120434
942 _2ddc
_cBK
999 _c40525
_d40525